Vereine in der Bundesliga mit mehr als 500 Toren - Statistiken

Allgemein
  • Dieses Quiz wurde 206 mal gespielt
  • Das Durchschnittsergebnis liegt bei 9 aus 15
Answers on the Grid
Answers color-coded by a green-red scale on the quiz's grid according to % correct below.
1. FC Kaiserslautern
MSV Duisburg
Karlsruher SC
RB Leipzig
Arminia Bielefeld
FC St. Pauli
Hansa Rostock
FC Augsburg
KFC Uerdingen 05
Eintracht Braunschweig
SV Waldhof Mannheim
1. FC Union Berlin
SV Darmstadt 98
1. FC Dynamo Dresden
TSG Hoffenheim
Hannover 96
TSV 1860 München
VfL Wolfsburg
VfL Bochum
1. FC Köln
Werder Bremen
Energie Cottbus
Alemannia Aachen
Kickers Offenbach
SC Tasmania 1900 Berlin
VfB Leipzig
Holstein Kiel
Preußen Münster
SpVgg Greuther Fürth
SC Paderborn 07
 
Antwortstatistiken
Antwort % Korrekt
Werder Bremen
90%
1. FC Köln
85%
1. FC Kaiserslautern
80%
VfL Wolfsburg
80%
Hannover 96
74%
VfL Bochum
72%
TSG Hoffenheim
70%
TSV 1860 München
61%
RB Leipzig
59%
FC Augsburg
56%
Karlsruher SC
50%
MSV Duisburg
43%
Arminia Bielefeld
40%
Eintracht Braunschweig
39%
KFC Uerdingen 05
16%
Keine übereinstimmenden Quizze gefunden
Verteilung der Resultate
Anzahl Personen mit jedem Resultat
Perzentil nach korrekt beantworteten Fragen
Ihre Resultats-Entwicklung
Sie haben dieses Quiz noch nicht gespielt